Manual de mineralogía de Dana

Bibliographic Details
Main Author: Hurlbut, Cornelius
Format: Section = Libro
Language:Undetermined
Spanish
Published: Barcelona Reverté 1976
Subjects:
LEADER 00565nam a2200217Ia 4500
008 240829s9999 xx 000 0 und d
020 |a 84-291-4611-3 
040 |a BIBLIOTECA-RUPAP Ref 549 H965 
041 |a spa 
082 |a Ref 549 H965 
100 1 |a Hurlbut, Cornelius 
245 1 0 |a Manual de mineralogía de Dana 
260 |a Barcelona  |b Reverté  |c 1976 
300 |a 653 p. :il. 
650 7 |a CRISTALOGRAFIA 
650 7 |b  MINERALOGIA 
650 7 |c  DILUMINATIVA 
650 7 |d  QUIMICA MINERALOGICA. I. Tít. 
942 |c BK  |2 ddc 
991 |a TEXTO 
999 |c 10423